All CS:GO Major runner-ups - Statistics

General Stats
  • This quiz has been taken 36 times
  • The average score is 16 of 18
Answer Stats
Tournament Winner Runner-up % Correct
ELEAGUE Major Boston 2018 Cloud9 FaZe
100%
PGL Major Antwerp 2022 FaZe NAVI
100%
FACEIT Major: London 2018 Astralis NAVI
100%
MLG Major Championship: Columbus 2016 LG NAVI
100%
DreamHack Open Cluj⁠-⁠Napoca 2015 Envy NAVI
100%
ESL One: Katowice 2015 Fnatic NiP
97%
DreamHack Winter 2014 LDLC NiP
97%
ESL Major Series One Katowice 2014 Virtus.pro NiP
97%
DreamHack Winter 2013 Fnatic NiP
97%
ESL One: Cologne 2014 NiP Fnatic
90%
PGL Major Stockholm 2021 NAVI G2
90%
Intel Extreme Masters Rio Major 2022 Outsiders Heroic
87%
ELEAGUE Major Atlanta 2017 Astralis Virtus.pro
84%
ESL One: Cologne 2015 Fnatic Envy
81%
ESL One: Cologne 2016 SK Team Liquid
74%
Intel Extreme Masters XIII - Katowice Major 2019 Astralis Ence
71%
StarLadder Berlin Major 2019 Astralis Avangar
68%
PGL Major Kraków 2017 Gambit Immortals
65%
No matching quizzes found
Score Distribution
Percent of People with Each Score
Percentile by Number Answered
Your Score History
You have not taken this quiz